000 00400nam a2200157 i 4500
001 bg
100 1 _aSIEWIERSKI, Janusz
245 0 _aPodstawowe zasady organizacji ruchu /
_cJanusz Siewierski, Augustyn Dobiecki.
260 _aWarszawa,
_c1980.
700 1 _aDOBIECKI, Augustyn
040 _cBPK
041 _apol
080 _a656.1
942 _cKS
008 s pl f |000 0 pol
999 _c19187
_d19187
856 _uhttp://koha.tu.koszalin.pl/cgi-bin/koha/opac-detail.pl?biblionumber=19187
_yKatalog online BPK